000 00670nam a2200241Ia 4500
003 OSt
005 20221007081938.0
006 a|||||r|||| 00| 0
007 ta
008 221006b |||||||| |||| 00| 0 eng d
024 _a26,547
037 _cTextual
040 _aFLL
_cFLL
_beng
041 _2eng
_aeng
082 _aZ73:2:41y7, K2
100 _aTurrentine Lowell
_9698351
245 0 _aCases and text on wills and administration
250 _a2nd
260 _aSt. Paul ,
_bMinn. West Publishing Co. St. Minn.
_c1962
300 _axxiv,1-483p
_ccm.
942 _hZ73:2:41y7, K2
_cTEXL
_2CC
999 _c1164812
_d1164812